| 000 | 00617nam a2200229Ia 4500 | ||
|---|---|---|---|
| 008 | 180523s9999 xx 000 0 und d | ||
| 020 | _a971-08-2199-7 | ||
| 050 | _aMAIN TX 911.3 | ||
| 050 | _b.M27G73 1982 c.2 | ||
| 100 | _aGray, William S. | ||
| 245 | 0 | _aHotel and motel management and operations / | |
| 245 | 0 | _cWilliam S. Gray, Salvatore C. Liguori. | |
| 260 | _aNew Jersey : | ||
| 260 | _bPrentice Hall, | ||
| 260 | _c1982 | ||
| 300 | _a360 pages : | ||
| 300 | _billustrations ; | ||
| 300 | _c25 cm. | ||
| 500 | _aIncludes index. | ||
| 650 | _aHotel management. | ||
| 650 | _xMotel management. | ||
| 999 |
_c357766 _d357766 |
||